[Event "Baltija Cup"]
[Site "Palanga"]
[Date "2012.06.21"]
[Round "5"]
[White "Mikhalev, Artyom"]
[Black "Vicas, Marijus"]
[Result "1/2-1/2"]
[WhiteElo "1828"]
[BlackElo "1942"]
[PlyCount "70"]
[EventDate "2012.06.19"]
[EventType "swiss"]
[EventRounds "8"]
[EventCountry "LTU"]
[SourceTitle "CBM 149 Extra"]
[Source "ChessBase"]
[SourceDate "2012.08.24"]
[SourceVersion "1"]
[SourceVersionDate "2012.08.24"]
[SourceQuality "1"]

1. d4 Nf6 2. Bg5 c5 3. Bxf6 gxf6 4. c3 d5 5. e3 e5 6. Nf3 Nc6 7. Bb5 cxd4 8. cxd4 Qa5+ 9. Nc3 Bb4 10. 0-0 Bxc3 11. Bxc6+ bxc6 12. bxc3 Qc7 13. Nd2 Ba6 14. Re1 e4 15. c4 0-0 16. f4 Kh8 17. Qa4 Bc8 18. cxd5 cxd5 19. Rec1 Qe7 20. Qc6 Be6 21. Qc5 Qd7 22. Qc6 Rac8 23. Qxd7 Bxd7 24. Nb3 Bb5 25. Rxc8 Rxc8 26. Rc1 Rxc1+ 27. Nxc1 Bc4 28. a3 Kg7 29. Kf2 Kg6 30. Ne2 Kf5 31. h3 Ke6 32. Nc3 f5 33. Kg3 Kf6 34. Kh4 Kg6 35. Kg3 Kf6 1/2-1/2